Memoria acerca del resultado que ofrece la estadística de los manicomios: (Record no. 185252)
[ view plain ]
| 000 -LEADER | |
|---|---|
| campo de control de longitud fija | 00898nam a2200169 i 4500 |
| 001 - NÚMERO DE CONTROL | |
| campo de control | 185252 |
| 003 - IDENTIFICADOR DE NÚMERO DE CONTROL | |
| campo de control | ES-MaACL |
| 005 - FECHA Y HORA DE LA ÚLTIMA TRANSACCIÓN | |
| campo de control | 20230906222400.0 |
| 008 - DATOS DE LONGITUD FIJA--INFORMACIÓN GENERAL | |
| campo de control de longitud fija | 160426s1880 sp |||| | spa d |
| 110 1# - ENTRADA PRINCIPAL--NOMBRE DE ENTIDAD CORPORATIVA | |
| Nombre de entidad corporativa o nombre de jurisdicción como elemento de entrada | España. |
| Unidad subordinada | Dirección General de Beneficencia y Sanidad. |
| 9 (RLIN) | 3711 |
| 245 10 - MENCIÓN DEL TÍTULO | |
| Título | Memoria acerca del resultado que ofrece la estadística de los manicomios: |
| Resto del título | censo de población acogida en ellos durante el año económico de 1879-80, y su comparacion con la publicada en la Gaceta de 7 de octubre de 1848. |
| 260 ## - PUBLICACIÓN, DISTRIBUCIÓN, ETC. | |
| Lugar de publicación, distribución, etc. | Madrid : |
| Nombre del editor, distribuidor, etc. | [s.n.], |
| Fecha de publicación, distribución, etc. | 1880 ( |
| Fabricante | Imprenta y Fundición de Manuel Tello) |
| 300 ## - DESCRIPCIÓN FÍSICA | |
| Extensión | 16, [52] p., [8] h. pleg. ; |
| Dimensiones | 23 cm. |
| 594 ## - Nota al título y mención de responsabilidad | |
| Nota al título y mención de responsabilidad | Precede al tít.: Ministerio de Gobernación, Dirección General de Beneficencia y Sanidad. |
| 650 ## - PUNTO DE ACCESO ADICIONAL DE MATERIA--TÉRMINO DE MATERIA | |
| Término de materia o nombre geográfico como elemento de entrada | Hospitales- |
| Subdivisión geográfica | España- |
| Subdivisión de forma | Estadísticas. |
| 9 (RLIN) | 149299 |
| 852 ## - LOCALIZACIÓN | |
| Ubicación | ES-MaACL |
| Número de control de estantería | T-433-F-10 |
| Nota libre | .- Enc. en un vol. facticio falto de la cub. original |
| Estatus retirado | Estado de pérdida | Estado de daño | No para préstamo | Colección | Biblioteca de origen | Biblioteca actual | Ubicación en estantería | Fecha de adquisición | Fuente de adquisición | Total de préstamos | Signatura topográfica completa | Código de barras | Visto por última vez | Precio de reemplazo | Tipo de ítem Koha |
|---|---|---|---|---|---|---|---|---|---|---|---|---|---|---|---|
| Colección de folletos | Biblioteca del Ateneo de Madrid | Biblioteca del Ateneo de Madrid | Depósito folletos | 26/04/2016 | T-433-F-10 | 1195171 | 23/02/2023 | 23/02/2023 | Folleto |
